| 000 | 00000nas 2200000zi 4500 |
| 001 | 9.936122 |
| 003 | CaOODSP |
| 005 | 20250423130605 |
| 006 | m o d f |
| 007 | cr ||||||||||| |
| 008 | 240327u1976uuuuxxc x m ot f0###|0eng|d |
| 040 | |aCaOODSP|beng|erda|cCaOODSP |
| 043 | |an-cn-bc |
| 086 | 1 |aDR52-14E-PDF |
| 130 | 0 |aReport (Defence Research Establishment Pacific : 1976) |
| 245 | 10|aReport. |
| 246 | 1 |iSome issues have title: |aDREP report |
| 264 | 1|aVictoria, B.C. : |bDefence Research Establishment Pacific : |bResearch and Development Branch, Department of National Defence Canada |
| 310 | |aIrregular |
| 336 | |atext|btxt|2rdacontent |
| 337 | |acomputer|bc|2rdamedia |
| 338 | |aonline resource|bcr|2rdacarrier |
| 515 | |aSome issues published out of chronological order. |
| 588 | |aDescription based on: 76-3; title from PDF title page. |
| 588 | |aLatest issue consulted: 93-1. |
| 650 | 0|aMilitary research|zCanada. |
| 650 | 6|aRecherche militaire|zCanada. |
| 710 | 2 |aDefence Research Establishment Pacific, |eissuing body. |
| 710 | 1 |aCanada. |bDepartment of National Defence. |bResearch and Development Branch, |eissuing body. |
| 780 | 00|tReport / |w(CaOODSP)9.936121 |